000 02122cab a2200193 4500
001 ##L131411
008 051031n2005 000 0 eng u
035 _a(Sirsi) u131411
041 0 _aeng
245 0 0 _aViasystems (Tyneside) Ltd v Thermal Transfer (Northern) Ltd and others
260 _c2005
520 _a[2005] EWHC Civ 1151, 10 October 2005. Considered whether two separate employers could both be vicariously liable for the negligence of a single employee. V had engaged T to install air conditioning in V's factory. T subcontracted ducting work to D, who then contracted with H to provide fitters and labourers. A fitter's mate, supplied by H but under the overall supervision of a fitter contracted to D, negligently caused a flood. The judge found that H, but not D, was vicariously liable for the negligence. H appealed, on the basis that dual vicarious liability was not legally possible, and that D alone was liable. D argued that H was solely liable, but that dual vicarious liability was a legal possibility. "Held": Vicarious liability was determined by who had been entitled to exercise control over the fitter's mate. The key question was who bore responsibility to prevent his negligent act by being entitled and obliged to give orders as to how the work should be done. On the facts, both H's and D's fitters had been entitled, and obliged, to prevent the mate's negligence. Contrary to the assumption held since the early 19th century, dual vicarious liability was legally possible; in this case both H and D were vicariously liable for the mate's negligence, and if they had dual control of the employee, the measure of control was equal, and it was therefore just and equitable to divide liabilty between them on an equal basis.
590 _aIKA081105
650 2 4 _aVIASYSTEMS (TYNESIDE) LTD V THERMAL TRANSFER (NORTHERN) LTD
650 2 4 _aCIVIL LIABILITY (CONTRIBUTION) ACT 1978
690 _aConstruction management
_96230
856 4 0 _uhttps://www.bailii.org/cgi-bin/markup.cgi?doc=/ew/cases/EWCA/Civ/2005/1151.html
_zView the judgment free of charge at www.bailli.org...
942 _n0
999 _c76070
_d76070